• 首页
  • 本馆介绍
  • 公告通知
  • 最新文献
  • 馆藏检索
  • 电子资源
  • 读者荐购
  • 参考咨询
  • CALIS
  • 我的图书馆
  • 登录
  • 详细信息显示
  • 放入我的书架
  • 预约/预借图书
  • 作者相关作品
  • 分类相关作品
  • 丛书相关作品
  • 出版社相关作品

书目信息

  • 表格格式
  • 工作单格式
  • 卡片格式
题名:
蜕变
    
 
作者: ;中共河南省纪律检查委员会 编印
分册:  
出版信息:    2016.01
页数: 234页
开本: 24cm
丛书名:
单 册:
中图分类: I234.6 , I253.1
科图分类:
主题词: 报告文学--中国 , 传记文学--中国
电子资源:
ISBN:
 
 
 
 
 
000 00658nam0 2200205 45
001 2634011820
005 20260324092923.41
100    @a20000926d2016 km y0chiy0120 ea
101 0  @achi
200 1  @a蜕变@ATui Bian@f中共河南省纪律检查委员会编印@FZhong Gong He Nan Sheng Ji Lu Jian Cha Wei Yuan Hui Bian Yin
210    @d2016.01
215    @a234页@d24cm
503    @n河南城建学院图书馆
606 0  @a报告文学@x中国
606 0  @a传记文学@x中国
690    @aI234.6@v3
690    @aI253.1@v4
711 02 @a中共河南省纪律检查委员会@AZhong Gong He Nan Sheng Ji Lu Jian Cha Wei Yuan Hui@4编印
801    @aCN@bPftUser@c20000926
905    @b155267-271@dI253.1@eZ513@f5
    
    蜕变/中共河南省纪律检查委员会编印.-2016.01
    234页;24cm
    
    
    ISBN :
    
●
相关链接 在E读中查询图书 在当当中查询图书 在豆瓣中查询图书


正题名:蜕变     索取号:I253.1/Z513         预约/预借

序号 登录号 条形码 馆藏地/架位号 状态 备注
1 1556837   215568375   文学库108/ [索取号:I253.1/Z513] 在馆    
河南城建学院图书馆 欢迎您!
大连网信软件有限公司© 版权所有